Land reform in the former Soviet Union and Eastern Europe /
Saved in:
| Other Authors: | |
|---|---|
| Format: | Book |
| Language: | English |
| Published: |
London ; New York :
Routledge,
1998.
|
| Series: | Routledge studies of societies in transition ;
5. |
| Subjects: | |
| Tags: |
Add Tag
No Tags, Be the first to tag this record!
|
| LEADER | 01925nam a22003138a 4500 | ||
|---|---|---|---|
| 001 | 007739686-3 | ||
| 005 | 20020606104010.5 | ||
| 008 | 970513s1998 enka b 001 0 eng | ||
| 010 | |a 97017428 | ||
| 020 | |a 0415170664 | ||
| 035 | 0 | |a ocm36949726 | |
| 040 | |a DLC |c DLC | ||
| 043 | |a e-ur-ru |a ee----- |a ac----- | ||
| 050 | 0 | 0 | |a HD1333.F6 |b L36 1998 |
| 082 | 0 | 0 | |a 333.3/147 |2 21 |
| 245 | 0 | 0 | |a Land reform in the former Soviet Union and Eastern Europe / |c edited by Stephen K. Wegren. |
| 260 | |a London ; |a New York : |b Routledge, |c 1998. | ||
| 300 | |a xxiii, 268 p. : |b ill. ; |c 24 cm. | ||
| 490 | 1 | |a Routledge studies of societies in transition ; |v 5 | |
| 504 | |a Includes bibliographical references and index. | ||
| 505 | 0 | |a The conduct and impact of land reform in Russia / Stephen K. Wegren -- Rural responses to land reform in Russia: an analysis of household land use in Belgorod, Rostov, and Tver' Oblasts from 1991 to 1996 / David J. O'Brien, Valeri V. Patsiorkovski, and Larry D. Dershem -- Land and agricultural reform in Ukraine / Timothy N. Ash -- Land reform in Estonia, Latvia, and Lithuania: a comparative analysis / William H. Meyers and Natalija Kazlauskiene -- Land reform in Kyrgyzstan / Peter C. Bloch and Kathryn Rasmussen. | |
| 505 | 0 | |a Land reform in Uzbekistan / Zvi Lerman -- Land reform in Turkmenistan / Zvi Lerman and Karen Brooks -- Picking up the pieces: consolidation of Albania's radical land reform / Peter C. Bloch -- Politics, equity, and efficiency: objectives and outcomes in Bulgarian land reform / Keith S. Howe -- Land reform and farm restructuring in Hungary during the 1990s / Csaba Csaki and Zvi Lerman. | |
| 650 | 0 | |a Land reform |z Former Soviet republics. | |
| 650 | 0 | |a Land reform |z Asia, Central. | |
| 650 | 0 | |a Land reform |z Europe, Eastern. | |
| 700 | 1 | |a Wegren, Stephen K., |d 1956- | |
| 830 | 0 | |a Routledge studies of societies in transition ; |v 5. | |
| 988 | |a 20020608 | ||
| 906 | |0 DLC | ||


